Η Ευρώπη σε Μεταλλαγή / Η Ευρωπαϊκή Κοινότητα και η Ελλάδα στη Νέα Προοπτική (Record no. 3759)
[ view plain ]
| 000 -LEADER | |
|---|---|
| fixed length control field | 01581cam a22001934a 4500 |
| 005 - ΗΜΕΡΟΜΗΝΙΑ ΚΑΙ ΩΡΑ ΤΕΛΕΥΤΑΙΑΣ ΕΝΗΜΕΡΩΣΗΣ | |
| Πεδίο ελέγχου | 20250605164124.0 |
| 008 - FIXED-LENGTH DATA ELEMENTS--GENERAL INFORMATION | |
| Πεδίο ελέγχου σταθερού μήκους | 250528s ||||||||||||||||||||||||d |
| 035 ## - SYSTEM CONTROL NUMBER | |
| System control number | 18398 |
| 020 ## - ISBN | |
| ISBN | 9607293150 |
| 040 ## - ΠΗΓΗ ΚΑΤΑΛΟΓΟΓΡΑΦΗΣΗΣ | |
| Φορέας πρωτότυπης καταλογογράφησης | MC Athens Campus Library |
| Γλώσσα καταλογογράφησης | Ελληνικά, Μοντέρνα (1453-) |
| Modifying agency | MC Athens Campus Library |
| Κανόνες περιγραφικής καταλογογράφησης | AACR2 |
| 245 1# - ΤΙΤΛΟΣ ΚΑΙ ΔΗΛΩΣΗ ΥΠΕΥΘΥΝΟΤΗΤΑΣ | |
| Τίτλος | Η Ευρώπη σε Μεταλλαγή / Η Ευρωπαϊκή Κοινότητα και η Ελλάδα στη Νέα Προοπτική |
| 260 ## - PUBLICATION, DISTRIBUTION, ETC. | |
| Name of publisher, distributor, etc. | Θεμέλιο, |
| Date of publication, distribution, etc. | 1990 |
| 300 ## - PHYSICAL DESCRIPTION | |
| Extent | 312 |
| 520 ## - SUMMARY, ETC. | |
| Summary, etc. | Μια εξαιρετικά επίκαιρη συμβολή στην κατανόηση των ιστορικών αλλαγών που συντελούνται στην Ευρώπη και την Ευρωπαϊκή κοινότητα ειδικότερα καθώς και των συνεπειών τους για τις διεθνείς σχέσεις και τη δυναμική του Διεθνούς οικονομικού και πολιτικού συστήματος. Πρόλογος: Η Δυναμική της Ευρωπαϊκής Ενοποίησης, Οι Θεωρητικές και Ιδεολογικές Πτυχές, Οι Πολιτικές Πτυχές και Προοπτικές, Η Ενιαία Αγορά και οι Οικονομικές Πτυχές, Η Ευρωπαϊκή Πολιτική της Ελλάδας, Η Αριστερά και η Ευρωπαϊκή Ενοποίηση, Βασική Βιβλιογραφία, Βιβλιογραφική Υποσημείωση. |
| 700 1# - ΠΡΟΣΘΕΤΗ ΑΝΑΓΡΑΦΗ--ΦΥΣΙΚΟ ΠΡΟΣΩΠΟ | |
| Personal name | Ιωακειμίδης Π. Κ |
| 9 (RLIN) | 2654 |
| 942 ## - ADDED ENTRY ELEMENTS (KOHA) | |
| Koha item type | Books |
| Τύπος τεκμηρίου | Βιβλιοθήκη | Τρέχουσα τοποθεσία | Barcode | Αριθμός εισαγωγής | Ημερομηνία απόκτησης | Ταξιθετικό σύμβολο | Αριθμός αντιτύπου | Κατάσταση απόσυρσης | Κατάσταση χαμένου | Κατάσταση κατεστραμμένου | Μη δανεισμός | Σύνολο δανεισμών | Ημερομηνία τελευταίας εμφάνισης | Η τιμή ισχύει από |
|---|---|---|---|---|---|---|---|---|---|---|---|---|---|---|
| Books | MC Athens Campus Library | MC Athens Campus Library | 9780000037589 | 3067 | 05/06/2025 | 341.2422 IOA | 1 | 05/06/2025 | 05/06/2025 |